00450 2200145 4500001002100000008004100021035002000062245005200082100001800134260002500152300001400177082001000191650009000201990001300291INLIS000000000000517 ind  a0010-0322000517 aLEGENDA & DONGENG NUSANTARA MALIN KUNDANGcIKHA aPUPUT MUGIATI aSURABAYAbPRIMA JAYA ahlm.ccm. a398.2 aFOLK LITERATURE, FAIRY TALES, MYTH, MYTHOLOGY/CERITA RAKYAT, DONGENG, MITOS, MITOLOGI a102718-1